000 01298nam a22003857a 4500
001 BR0805362
003 BR-BrBNA
005 20230928102712.0
007 ta
008 230509b bl.||||| |||| 00| 0 por d
040 _aBR-BrBNA
_bpor
_cBiblioteca Nacional de Agricultura
041 _a(Por)
072 _aL02; L51
_b5213
_b1930
_b8951
090 _ 5213 BR0805362
100 1 _aFialho, M.P.F.
110 1 _aUniversidade Federal de Minas Gerais, Belo Horizonte (Brasil). Escola de Veterinária
_0Tese (Mestre em Zootecnia)
245 1 _aParâmetros ruminais e eficiência de síntese de proteína microbiana em bovinos suplementados com proteinados combinando diferentes fontes de carboidratos e nitrogênio não protéico
260 3 _aBelo Horizonte, MG (Brasil):
_c2007.
300 _a58 p.
500 _aSummaries (Eng, Por); Bibliography p. 50-58; 9 tables
650 _aGADO DE CORTE
650 _aBRACHIÁRIA BRIZANTHA
650 _aFENO
650 _aMILHO
650 _aSOJA
650 _aCASCA
650 _aSUPLEMENTO ALIMENTAR
650 _aPROTEÍNA MICROBIANA
650 _aCARBOIDRATO
650 _aNITROGÊNIO NÃO PROTÉICO
650 _aDIGESTIBILIDADE
650 _aABSORÇÃO DE NUTRIENTES
909 _a202309
_bLucia
_c55
_dLucia Elande
942 _cBK
999 _c72108
_d72108